000 00645nam a2200241 a 4500
001 nice12345678
003 IN_TiNIC
005 20260116013817.0
008 050524s1988 agra grp 000 0 eng
020 _a8185105
_c400
082 0 0 _a722.07
_bNAT3
100 _aNath, R
245 _aArchitecture of Fatehpur Sikri
_b Forms, Techniques and Concepts
260 _aAgra
_bHistorical Research Documentation Program
_c1988
300 _a114p
500 _aincludes index and biblioraphy
505 2 _aNotes
650 _aIslamic-Architecture Mughal
700 1 _aNath, R
902 _bSRS
942 _cBK
999 _c12618
_d12618